[Event "DEN-ch LH 2020"]
[Site "Svendborg"]
[Date "2020.10.10"]
[Round "2.5"]
[White "Sondergaard Thybo, Jesper"]
[Black "Andersen, Mads"]
[Result "1/2-1/2"]
[WhiteElo "2573"]
[BlackElo "2577"]
[Annotator "TA"]
[PlyCount "61"]
[EventDate "2020.10.09"]
[EventType "tourn"]
[EventCountry "DEN"]
[SourceTitle "playchess.com"]
[Source "ChessBase"]
[SourceQuality "1"]

{[%evp 12,61,28,18,22,20,25,22,23,12,11,18,20,6,15,0,0,14,9,0,0,0,0,0,0,0,0,-10,-6,-7,-1,-3,0,0,0,0,0,0,0,0,0,-3,-3,-3,0,-2,-3,-4,-4,-4,-9,-6]} 1. d4 d5 2. c4 e6 3. Nf3 dxc4 4. e3 Nf6 5. Bxc4 c5 6. O-O a6 7. b3 Nbd7 {D27: Queen's Gambit Accepted: Classical main line: 7 e4!? and 7 a4.} 8. Be2 b6 9. Bb2 Bb7 10. Nbd2 Be7 {The position is equal.} 11. dxc5 Bxc5 12. Nd4 {[#]} Rc8 $146 ({Predecessor:} 12... O-O 13. Bf3 Nd5 14. Rc1 Qe7 15. Nc4 Rfd8 16. a3 a5 17. Nb5 Nf8 18. Qe2 Ng6 {½-½ (68) Lenderman,A (2565)-Eljanov,P (2734) Douglas 2017}) 13. Bf3 Qc7 14. Rc1 {[#] b4! is the strong threat.} Qb8 15. Qe2 O-O 16. Rfd1 Rc7 17. Bxb7 Qxb7 18. Qf3 Qxf3 19. N4xf3 Rfc8 20. Kf1 Kf8 21. Ke2 Be7 22. Rxc7 Rxc7 23. Rc1 Rxc1 24. Bxc1 Nd5 25. Bb2 Nb4 26. a3 Nc6 27. a4 g6 28. Nc4 b5 29. axb5 axb5 30. Nce5 Ndxe5 31. Bxe5 {An uneventful encounter. Accuracy: White = 100%, Black = 100%.} 1/2-1/2

[Event "DEN-ch LH 2020"]
[Site "Svendborg"]
[Date "2020.10.11"]
[Round "3.1"]
[White "Rasmussen, Allan Stig"]
[Black "Ochsner, Bjorn Moller"]
[Result "1/2-1/2"]
[WhiteElo "2559"]
[BlackElo "2482"]
[Annotator "TA"]
[PlyCount "97"]
[EventDate "2020.10.09"]
[EventType "tourn"]
[EventCountry "DEN"]
[SourceTitle "playchess.com"]
[Source "ChessBase"]
[SourceQuality "1"]

{[%evp 17,97,0,0,0,0,-9,0,-2,17,20,29,0,0,0,-5,0,18,6,43,39,41,27,27,18,19,-12,69,-33,0,-39,16,18,22,29,23,19,54,53,49,47,56,68,74,8,19,29,15,18,20,0,0,0,0,0,0,0,0,0,177,173,159,152,143,0,0,0,0,0,0,0,0,0,0,0,0,0,0,0,0,0,0,0]} 1. e4 e5 2. Nf3 Nc6 3. Bc4 Bc5 4. c3 Nf6 5. d4 exd4 6. e5 d5 7. Bb5 Ne4 8. cxd4 Bb6 9. Nc3 O-O 10. Be3 {C54: Giuoco Piano: 4 c3 Nf6, main lines with 5 d4 and 5 d3.} Bg4 11. h3 Bh5 12. Qc2 Bg6 13. Qb3 Ne7 14. O-O c6 {White must now prevent ...Nxc3.} 15. Bd3 Nxc3 16. Qxc3 Bxd3 17. Qxd3 Qd7 18. Nh4 {[#]} Ng6 $146 ({Predecessor:} 18... f6 19. Rae1 fxe5 20. dxe5 Qe6 21. g4 c5 22. Bg5 c4 23. Qg3 Nc6 24. Kh2 Ba5 {1-0 (34) Le,Q (2715)-Hansen,E (2629) Batumi 2018}) 19. Nf5 Ne7 20. g4 f6 {aiming for ...Nxf5.} 21. f4 Kh8 (21... Nxf5 $11 22. gxf5 g6 $1 {[%mdl 512]}) 22. Rae1 (22. Nh4 $14) 22... Nxf5 $15 23. gxf5 Qf7 (23... g6 $1 $15) 24. Kh2 $11 Qh5 25. Bd2 a5 26. Re3 Rae8 27. Rg3 Bc7 28. b4 axb4 29. Bxb4 Rg8 30. Rg4 ({White should try} 30. Rfg1 $16) 30... g6 31. fxg6 Rxg6 32. Rfg1 {[%cal Rg4g6]} Reg8 {[%cal Rg6g4]} 33. Qf3 {Threatens to win with Be7.} Qf5 {[%cal Rf6e5]} 34. R1g3 Qc2+ 35. Rg2 Qf5 $1 {[%cal Rf6e5]} 36. Qg3 fxe5 37. dxe5 d4 $2 (37... R8g7 $11 {and Black stays safe.}) 38. Be7 $1 $18 {[%cal Re7f6] And now Bf6+ would win.} Bd8 39. Bxd8 Rxd8 {[#]} 40. Rxg6 (40. Qh4 $1 $16 Rgg8 {[#]} 41. Rg7 $3 {[%mdl 576] Back Rank}) 40... hxg6 $16 {[%mdl 4096] Endgame KQR-KQR. The position is equal.} 41. Qh4+ {[%mdl 64] Double Attack} ({Wrong is} 41. Qxg6 $2 Qxg6 42. Rxg6 d3 $17) 41... Kg7 42. Qe7+ Qf7 43. Qxd8 Qxf4+ 44. Kg1 Qc1+ 45. Kf2 {Threatening mate with Qf6+.} Qe3+ 46. Kf1 Qc1+ 47. Kf2 {Qf6+ would kill now.} Qe3+ 48. Kf1 {White wants to mate with Qf6+.} Qc1+ 49. Kf2 {Accuracy: White = 80%, Black = 81%.} 1/2-1/2

[Event "DEN-ch LH 2020"]
[Site "Svendborg"]
[Date "2020.10.11"]
[Round "3.2"]
[White "Haubro, Martin"]
[Black "Fries-Nielsen, Jens Ove"]
[Result "1-0"]
[WhiteElo "2423"]
[BlackElo "2380"]
[Annotator "TA"]
[PlyCount "69"]
[EventDate "2020.10.09"]
[EventType "tourn"]
[EventCountry "DEN"]
[SourceTitle "playchess.com"]
[Source "ChessBase"]
[SourceQuality "1"]

{[%evp 10,69,62,56,82,79,81,92,95,92,120,46,114,110,97,90,93,106,124,114,120,118,112,117,163,156,155,171,181,198,239,244,232,225,260,260,257,258,272,274,268,262,250,270,257,240,244,243,312,286,331,331,325,288,547,496,565,564,504,500,29995,29996]} 1. e4 e5 2. Nf3 Nc6 3. Bb5 Nd4 4. Nxd4 exd4 5. O-O c6 6. Bc4 h5 {C61: Ruy Lopez: Bird's Defence.} 7. Re1 Bc5 8. d3 d6 {White is better.} 9. Nd2 {[#]} Ne7 $146 ({Predecessor:} 9... Bg4 10. f3 Bd7 11. f4 Qe7 12. Nf3 O-O-O 13. h3 Be6 14. Bb3 f6 15. Bd2 Nh6 {1-0 (66) Henrichs,T (2496)-Zagema,W (2304) Germany 2008}) 10. Nf3 (10. Qf3 $16 f6 11. a3) 10... f6 (10... Ng6 $1 $14) 11. c3 Bg4 12. h3 ({Reject} 12. cxd4 Bxd4 13. Bb3 Qb6 $11) 12... Bxf3 13. Qxf3 Qd7 14. a4 a5 15. Rb1 Ng6 16. Ba2 Ne5 17. Qe2 g5 18. b4 axb4 19. cxb4 Ba7 20. f4 gxf4 21. Bxf4 Bb8 22. a5 Bc7 23. Kh1 b6 24. axb6 Bxb6 25. Rf1 Bd8 26. Bxe5 dxe5 27. Bc4 Rb8 28. Rf5 Qh7 29. Qd1 Kf8 30. Qa4 Qc7 31. Rbf1 Kg7 $2 {[#]} (31... Be7 32. Rxf6+ Bxf6) 32. Qd1 $18 Rxb4 33. Rxh5 Rxh5 34. Qxh5 Qd6 (34... Rxc4 $18 35. dxc4 Qf7 36. Qg4+ Kf8) 35. Qf7+ {Accuracy: White = 93%, Black = 56%.} 1-0

[Event "DEN-ch LH 2020"]
[Site "Svendborg"]
[Date "2020.10.11"]
[Round "3.3"]
[White "Hansen, Sune Berg"]
[Black "Thybo, Jesper Sondergaard"]
[Result "0-1"]
[WhiteElo "2557"]
[BlackElo "2573"]
[Annotator "TA"]
[PlyCount "68"]
[EventDate "2020.10.09"]
[EventType "tourn"]
[EventCountry "DEN"]
[SourceTitle "playchess.com"]
[Source "ChessBase"]
[SourceQuality "1"]

{[%evp 11,68,5,16,20,21,-6,0,0,0,0,-10,0,5,-2,0,0,0,-4,0,-23,-23,-25,0,0,0,0,0,-9,0,0,0,0,0,0,-7,0,0,-46,-50,-62,-17,-15,-24,-4,-17,-63,-63,-63,-63,-63,-70,-63,-64,-86,-92,-29988,-29989,-29989,-29990]} 1. d4 Nf6 2. Nf3 d5 3. Bf4 c5 4. e3 Nc6 5. Nbd2 e6 6. c3 cxd4 7. exd4 {D02: 1 d4 d5 2 Nf3 sidelines, including 2...Nf6 3 g3 and 2...Nf6 3 Bf4.} Nh5 8. Bg3 (8. Be3 {seems wilder.} Bd6 9. Ne5 Nf6 10. Ndf3 O-O 11. Bd3) 8... Nxg3 9. hxg3 {The position is equal.} g6 10. Bd3 Bg7 11. Qe2 Qc7 12. O-O O-O 13. Rfe1 {[#]} Re8 $146 ({Predecessor:} 13... a6 14. Rac1 b6 15. Ne5 Nxe5 16. dxe5 Bb7 17. Nf3 b5 18. Qe3 Rac8 19. Nd4 Qe7 {1-0 (35) Beletic,D (2370)-Sepetavc,W (1854) Pula 2018}) 14. Rac1 Qb6 15. Nb3 e5 16. dxe5 Bg4 17. Qd2 Bxf3 18. gxf3 Nxe5 19. Be2 Rad8 20. Qc2 h5 21. f4 Nc4 {Strongly threatening ...h4!} 22. Bf3 Rxe1+ 23. Rxe1 h4 24. Kh2 hxg3+ 25. fxg3 Bf6 26. Re2 Kg7 {White must now prevent ...Rh8+.} 27. Qd3 Qa6 28. Nc5 Qxa2 29. Bxd5 Qa1 $1 {[#] ( -> ...Rh8+)} 30. Qxc4 {Threatens to win with Kg2.} Qf1 $1 $40 {[%cal Rd8h8][%mdl 128] Black attacks.} 31. Ne6+ $1 fxe6 {[%cal Rd8h8]} 32. Qc7+ {[#]} Kh6 $1 {[%mdl 512]} 33. Rg2 $2 {[%mdl 8192]} (33. Bc4 $17) 33... Rxd5 {[%cal Rd5h5]} 34. g4 g5 {Accuracy: White = 75%, Black = 92%.} 0-1

[Event "DEN-ch LH 2020"]
[Site "Svendborg"]
[Date "2020.10.11"]
[Round "3.5"]
[White "Brondt, Nicolai Kvist"]
[Black "Bjerre, Jonas Buhl"]
[Result "1/2-1/2"]
[WhiteElo "2226"]
[BlackElo "2559"]
[Annotator "TA"]
[PlyCount "83"]
[EventDate "2020.10.09"]
[EventType "tourn"]
[EventCountry "DEN"]
[SourceTitle "playchess.com"]
[Source "ChessBase"]
[SourceQuality "1"]

{[%evp 15,83,22,13,19,1,0,25,0,0,-2,24,0,0,-14,-18,-22,0,0,16,4,33,0,0,0,16,0,16,0,0,-19,-17,-22,-18,-26,0,-14,35,38,34,0,0,0,29,24,111,0,0,0,0,0,0,0,0,0,0,0,0,0,37,33,40,40,45,0,76,6,7,0,0,0]} 1. d4 Nf6 2. c4 e6 3. Nc3 Bb4 4. e3 O-O 5. Bd3 b6 6. Nge2 d5 7. O-O Bb7 8. cxd5 exd5 9. a3 {E48: Nimzo-Indian: Rubinstein: 5 Bd3 d5 including 6 Ne2, but excluding 6 a3.} Bd6 10. b4 Re8 11. Ng3 {White has an edge.} Nbd7 {[#]} 12. Rb1 $146 ({Predecessor:} 12. Bb2 a6 13. Bc2 b5 14. Qf3 Nb6 15. Rad1 Nc4 16. Bc1 Qd7 17. Nh5 Nxh5 18. Qxh5 {0-1 (48) Zhou,Z (2152)-Gunina,V (2497) China 2018}) 12... a5 13. b5 Ne4 14. Ncxe4 dxe4 15. Bc4 g6 16. Qb3 Qe7 17. a4 Nf6 18. Ra1 h5 19. h3 Kg7 20. Ba3 (20. Ne2 {keeps more tension.} Rac8 21. Nc3 Red8 22. Bb2 Rd7 23. Rfb1) 20... Rh8 21. Bxd6 (21. Ne2 {with more complications.} Rhc8 22. Bb2 Rd8 23. Nc3 Rac8 24. Rfc1) 21... cxd6 22. Rfc1 h4 23. Nf1 $1 Rac8 (23... d5 $5 24. Be2 $8 Rhc8 $11) 24. Rc3 Rh5 25. Rac1 {Strongly threatening Bxf7.} Nd5 (25... d5 $5 26. Be2 $8 Rhh8 $11) 26. Bxd5 $1 Bxd5 27. Qd1 Rxc3 28. Rxc3 Be6 29. Nd2 Bd7 {[#]} (29... d5 $11 {remains equal.}) 30. Qb1 (30. Nc4 $1 $16 {[%cal Rc4b6]} Rg5 31. Kh1) 30... d5 $1 $11 31. Rc7 Rg5 {Hoping for ...Qd6.} 32. Kh1 Qd6 33. Qc1 Rf5 34. Kg1 Rf6 (34... Rg5 $5 35. Kh1 $8 Rf5 $11) 35. Nf1 g5 36. Nh2 Rg6 37. Ng4 Bxg4 $1 38. hxg4 Qb4 39. Rc6 Qe7 {[#]} (39... Qxa4 $11 40. Rxg6+ Kxg6) 40. Rxg6+ ({White should try} 40. Rc8 $1 $16) 40... Kxg6 41. Qc6+ Qe6 42. Qxe6+ {Accuracy: White = 78%, Black = 71%.} 1/2-1/2

[Event "DEN-ch LH 2020"]
[Site "Svendborg"]
[Date "2020.10.12"]
[Round "4.1"]
[White "Sondergaard Thybo, Jesper"]
[Black "Stig Rasmussen, Allan"]
[Result "1-0"]
[WhiteElo "2573"]
[BlackElo "2559"]
[Annotator "TA"]
[PlyCount "131"]
[EventDate "2020.10.09"]
[EventType "tourn"]
[EventCountry "DEN"]
[SourceTitle "playchess.com"]
[Source "ChessBase"]
[SourceQuality "1"]

{[%evp 13,131,-2,4,-7,2,0,8,7,57,43,37,39,37,36,42,36,35,39,36,42,58,40,45,43,99,54,53,50,65,74,116,109,114,106,92,85,85,85,86,84,85,85,113,68,76,76,76,76,76,79,73,73,73,73,73,73,73,73,86,82,78,78,116,102,130,91,137,92,92,77,73,66,104,115,113,85,85,85,85,85,85,85,85,86,93,54,62,85,652,650,562,463,12810,6075,1967,5085,29961,29963,29965,29966,29968,29969,29970,29972,29972,29973,29973,29974,29974,29975,29976,29977,29977,29978,29981,29982,29990,29991,29992,29993]} 1. Nf3 d5 2. d4 Nf6 3. c4 e6 4. g3 Bb4+ 5. Bd2 Be7 6. Bg2 O-O 7. O-O Nbd7 8. b4 $5 {[%mdl 4] Exploring less charted territory. E11: Bogo-Indian.} c6 9. a4 Ne4 {[#]} 10. a5 $146 {The position is equal.} ({Predecessor:} 10. Be1 b6 11. a5 Ba6 12. Ne5 Qc7 13. axb6 axb6 14. Nxd7 Qxd7 15. Na3 f5 16. Rc1 {1-0 (26) Globus,O (2389)-Gonda,L (2515) Budapest 2018}) 10... Bf6 11. Qb3 dxc4 12. Qxc4 e5 13. Be3 Nd6 14. Qc2 exd4 15. Bxd4 Nb5 16. Bxf6 Nxf6 17. Na3 Nxa3 18. Rxa3 Qe7 ({Black should play} 18... a6 $14) 19. Rb1 Nd5 20. Rab3 Rd8 21. a6 Qf6 22. axb7 Bxb7 23. h4 h6 24. e3 Ba6 25. Nd4 Bb5 {...Ba4 would now be nice for Black.} 26. Qc5 a6 27. Rc1 Rab8 28. e4 Nf4 29. e5 ({Not} 29. gxf4 Rxd4 30. Qe5 Qxe5 $17) 29... Ne6 30. exf6 {Strongly threatening Nxe6.} Nxc5 31. bxc5 Rxd4 {[#]} 32. Bxc6 $1 {[%mdl 576] Pin} gxf6 (32... Bxc6 33. Rxb8+) 33. Bg2 {c6 is the strong threat.} Rc8 34. c6 {Hoping for c7.} Rc7 35. Rbc3 Kf8 36. Rc5 Be2 37. Kh2 Bb5 38. Bf3 Kg7 39. Kg2 Kf8 40. R1c3 Rd3 41. Rxd3 Bxd3 $16 {[%mdl 4096] Endgame KRB-KRB} 42. g4 Bb5 43. Kg3 Ke7 44. Kf4 Kd6 {[#]} 45. Rh5 $1 {[%cal Rh5h6]} Bxc6 46. Bxc6 Rxc6 47. Rxh6 {KR-KR} Ke7 48. Rh8 Rc4+ 49. Kg3 f5 $1 50. g5 {Black must now prevent f3.} Rg4+ $2 {[%mdl 8192] [#] This costs Black the game.} (50... f6 $16) 51. Kh3 $1 $18 Rf4 52. h5 Rxf2 (52... Rg4 $142 53. f4 Rxf4) 53. h6 Rf3+ 54. Kg2 (54. Kh2 $142 Rf4 55. Kh3 Rf3+ 56. Kg2) 54... Rf4 55. h7 {White mates.} Rh4 {[#]} 56. g6 $1 {[%mdl 512]} fxg6 57. Ra8 Kd6 58. h8=Q Rxh8 59. Rxh8 {KR-K3P} Kc5 60. Ra8 Kb5 61. Kf3 a5 62. Ke3 Kb4 63. Kd4 a4 64. Rb8+ Ka3 65. Kc3 Ka2 66. Rg8 {Accuracy: White = 90%, Black = 68%.} 1-0

[Event "DEN-ch LH 2020"]
[Site "Svendborg"]
[Date "2020.10.12"]
[Round "4.2"]
[White "Andersen, Mads"]
[Black "Berg Hansen, Sune"]
[Result "*"]
[WhiteElo "2577"]
[BlackElo "2557"]
[Annotator "TA"]
[PlyCount "18"]
[EventDate "2020.10.09"]
[EventType "tourn"]
[EventCountry "DEN"]
[SourceTitle "playchess.com"]
[Source "ChessBase"]
[SourceQuality "1"]

{[%evp 9,18,0,0,-25,0,-19,0,0,16,17,41]} 1. c4 e5 2. Nc3 Nf6 3. Nf3 Nc6 4. e4 Bb4 5. d3 d6 6. h3 {A28: English Opening: Four Knights Variation.} a6 7. Be2 {[#] The position is equal.} h6 $146 ({Predecessor:} 7... Bc5 8. O-O O-O 9. Be3 Nd4 10. a3 h6 11. b4 Nxf3+ 12. Bxf3 Bxe3 13. fxe3 Be6 {½-½ (38) Edouard,R (2636)-Karpov,A (2628) Cap d'Agde 2015}) 8. Be3 Bxc3+ 9. bxc3 Ne7 {Not much happened in this game.} *

[Event "DEN-ch LH 2020"]
[Site "Svendborg"]
[Date "2020.10.12"]
[Round "4.3"]
[White "Buhl Bjerre, Jonas"]
[Black "Haubro, Martin"]
[Result "*"]
[WhiteElo "2559"]
[BlackElo "2423"]
[Annotator "TA"]
[PlyCount "21"]
[EventDate "2020.10.09"]
[EventType "tourn"]
[EventCountry "DEN"]
[SourceTitle "playchess.com"]
[Source "ChessBase"]
[SourceQuality "1"]

{[%evp 13,21,4,10,-19,-8,-8,-3,-4,6,8]} 1. d4 Nf6 2. c4 e6 3. Nf3 d5 4. g3 Bb4+ 5. Bd2 Be7 6. Bg2 O-O 7. O-O Nbd7 {The position is equal.} 8. Na3 {E11: Bogo-Indian.} c6 9. Rc1 Ne4 10. Be3 Bd6 {[#]} 11. Rc2 $146 {Not much happened in this game.} ({Predecessor:} 11. Nc2 b6 12. Nce1 Ba6 13. cxd5 cxd5 14. Nd3 Rc8 15. Qa4 Bc4 16. Nfe5 Bxe5 17. dxe5 {½-½ (37) Martirosyan,H (2561)-Gagare,S (2482) Tarvisio 2017}) *

[Event "DEN-ch LH 2020"]
[Site "Svendborg"]
[Date "2020.10.12"]
[Round "4.4"]
[White "Moller Ochsner, Bjorn"]
[Black "Kvist Brondt, Nicolai"]
[Result "*"]
[WhiteElo "2482"]
[BlackElo "2226"]
[Annotator "TA"]
[PlyCount "32"]
[EventDate "2020.10.09"]
[EventType "tourn"]
[EventCountry "DEN"]
[SourceTitle "playchess.com"]
[Source "ChessBase"]
[SourceQuality "1"]

{[%evp 11,32,7,5,-2,18,18,25,12,11,12,10,0,15,0,0,0,7,0,2,0,27,23,20]} 1. e4 c6 2. d4 d5 3. e5 Bf5 4. h4 h5 5. Bd3 Bxd3 6. Qxd3 e6 7. Bg5 {B12: Caro-Kann: Advance Variation.} Be7 8. Nf3 Nh6 9. Nbd2 Nf5 10. c3 Nd7 11. Qe2 {[#]} c5 $146 ({Predecessor:} 11... Qb6 12. Bxe7 Kxe7 13. Nb3 a5 14. Qd2 a4 15. Nc1 c5 16. O-O cxd4 17. cxd4 Qa5 {½-½ (41) Chigaev,M (2606)-Sorokin,A (2524) Khanty-Mansiysk 2018}) 12. dxc5 Nxc5 13. Bxe7 Qxe7 14. g3 g6 15. Nd4 Nxd4 16. cxd4 Na6 {An uneventful encounter. Accuracy: White = 100%, Black = 89%.} *

[Event "DEN-ch LH 2020"]
[Site "Svendborg"]
[Date "2020.10.12"]
[Round "4.5"]
[White "Chatalbashev, Boris"]
[Black "Ove Fries Nielsen, Jens"]
[Result "1-0"]
[WhiteElo "2522"]
[BlackElo "2380"]
[Annotator "TA"]
[PlyCount "61"]
[EventDate "2020.10.09"]
[EventType "tourn"]
[EventCountry "DEN"]
[SourceTitle "playchess.com"]
[Source "ChessBase"]
[SourceQuality "1"]

{[%evp 12,61,60,51,72,16,28,33,33,25,29,26,23,15,8,0,27,29,40,0,12,18,26,35,29,37,45,23,19,16,70,52,72,37,158,139,157,160,153,161,151,162,141,161,430,417,535,542,521,532,523,522]} 1. d4 Nf6 2. c4 d6 3. Nc3 Nbd7 4. e4 e5 5. Nf3 Be7 6. Be2 O-O 7. O-O b6 {A55: Old Indian Defence with Nf3 and e4.} 8. d5 (8. Be3 $16) 8... Nc5 $11 9. Qc2 a5 {[#] White is slightly better.} 10. h3 $146 ({Predecessor:} 10. b3 Ne8 11. Be3 f5 12. Bxc5 bxc5 13. exf5 Bxf5 14. Bd3 g6 15. Ne4 Ng7 16. Qd2 Nh5 17. Ng3 {1-0 (48) Brink,B (2293)-Bosboom,M (2400) Vlissingen 2016}) 10... g6 11. Bh6 Re8 12. b3 Nh5 13. Qd2 Bf8 14. Bg5 Be7 15. Bh6 Bf8 16. Be3 Nf4 17. Bd1 Bg7 18. Bc2 Rf8 19. Rfe1 Bh6 20. Kh2 {Hoping for g3.} Bg7 (20... f5 $11) 21. Rad1 Re8 22. a3 (22. Rb1 {feels hotter.} Qd7 23. Ng1 Qd8 24. Nb5 Bd7 25. a3) 22... f5 (22... a4 $14 23. bxa4 Bd7) 23. exf5 $16 Bxf5 24. Bxf5 gxf5 25. Bxf4 exf4 26. Rxe8+ Qxe8 27. Nb5 Nxb3 $2 (27... Qd7) 28. Qc2 $18 {[%mdl 64] [#] Double Attack} Na1 29. Qxf5 {White is clearly winning.} Qf7 30. Qxf7+ Kxf7 31. Nbd4 {Accuracy: White = 86%, Black = 62%.} 1-0

[Event "DEN-ch LH 2020"]
[Site "Svendborg"]
[Date "2020.10.13"]
[Round "5.1"]
[White "Haubro, Martin"]
[Black "Ochsner, Bjorn Moller"]
[Result "1/2-1/2"]
[WhiteElo "2423"]
[BlackElo "2482"]
[Annotator "TA"]
[PlyCount "119"]
[EventDate "2020.10.09"]
[EventType "tourn"]
[EventCountry "DEN"]
[SourceTitle "playchess.com"]
[Source "ChessBase"]
[SourceQuality "1"]

{[%evp 12,119,18,18,19,8,40,0,31,0,0,0,12,0,0,0,0,0,0,0,0,0,34,32,50,47,42,41,42,39,34,10,13,0,0,0,0,-54,-13,-16,0,-22,-18,-58,-15,-8,-8,-11,-8,-11,-10,-10,-8,-8,-12,-39,0,0,0,0,0,0,0,0,0,0,0,0,0,0,0,0,0,0,0,0,0,0,0,0,0,0,0,0,0,0,0,0,0,0,0,0,0,0,0,0,0,0,0,0,0,0,0,0,0,0,0,0,0,0]} 1. d4 Nf6 2. c4 e6 3. Nc3 Bb4 4. f3 c5 5. d5 O-O 6. e4 d6 7. Nge2 a6 {E20: Nimzo-Indian: 4 g3 and 4 f3.} 8. Ng3 b5 {[#]} 9. a3 $146 ({Predecessor:} 9. Be3 Re8 10. Kf2 Ra7 11. cxb5 Bxc3 12. bxc3 exd5 13. exd5 Qa5 14. b6 Rae7 15. Bg5 Nbd7 {½-½ (44) Murray,T (2555)-Ostriker,J (2564) ICCF email 2017}) 9... Ba5 (9... Bxc3+ $5 10. bxc3 Qa5 $11) 10. Be2 exd5 11. cxd5 Nbd7 {[%cal Bb8d7,Bd7c5,Bc5d3][%mdl 32]} 12. O-O c4 13. Nf5 Nc5 14. Nd4 Bb6 15. Kh1 $1 Bd7 $1 16. Bf4 Qc7 17. Bg5 Nd3 18. Bxf6 gxf6 (18... Nxb2 $6 19. Qc1 $18) 19. Bxd3 {[#] Threatens to win with Bc2.} Bxd4 20. Bc2 Qb6 21. Qe1 Kh8 22. Qh4 Rg8 23. e5 {[%csl Gc2][%cal Rh4h7] [#]} f5 24. Qe7 (24. e6 $11 fxe6 25. dxe6 Bxe6 26. Rae1) 24... Qd8 25. exd6 f6 26. Rfe1 Rg7 27. Qe2 Be5 28. f4 Bxf4 29. Rf1 Bxd6 30. Bxf5 Qe8 31. Rae1 Qxe2 32. Rxe2 Be5 33. Ne4 (33. g3 {with more complications.} Bxf5 34. Rxf5 Re7 35. Kg2 Kg7 36. g4) 33... Rd8 (33... Bxf5 {feels hotter.} 34. Rxf5 Re7 35. Nc3 Kg7 36. g4 Rae8) 34. Bxd7 {The position is equal.} Rgxd7 35. Nxf6 Bxf6 36. Rxf6 Rxd5 $11 {[%mdl 4096] Endgame ( -> ...Rd1+). KRR-KRR} 37. Kg1 R5d6 38. Rxd6 Rxd6 {KR-KR} 39. Kf2 Kg7 40. Ke1 Kf7 41. Rd2 Rh6 42. g3 Ke6 43. Re2+ Kd5 44. Kd2 Kd4 45. Rf2 Rh5 46. Rf4+ Kc5 (46... Ke5 {seems wilder.} 47. h4 Rf5 48. a4 Rxf4 49. gxf4+ Kd4) 47. Rf2 Rd5+ 48. Kc2 Re5 49. Kd2 Rh5 50. h4 a5 51. Rf7 b4 52. Rc7+ Kb5 53. axb4 axb4 54. Rb7+ Ka4 {aiming for ...Kb3.} 55. Kc2 Rf5 56. Ra7+ ({Don't blunder} 56. Rxh7 $2 Rf2+ 57. Kc1 Kb3 $19) 56... Kb5 {And now ...b3+ would win.} 57. Rb7+ (57. Rxh7 $2 Rf2+ 58. Kc1 Ka4 $19) 57... Ka5 58. Ra7+ (58. Rxh7 $2 Rf2+ 59. Kc1 Ka4 $19) 58... Kb5 {White must now prevent ...b3+.} 59. Rb7+ ({But not} 59. Rxh7 $2 Rf2+ 60. Kc1 Ka4 $19) 59... Ka5 {Strongly threatening ...Rf2+.} 60. Ra7+ {Av CentiPawn Loss W=-5/B=-5. Weighted=-5/-5} ({Don't go for} 60. Rxh7 $2 Rf2+ 61. Kc1 Ka4 $19) 1/2-1/2

[Event "DEN-ch LH 2020"]
[Site "Svendborg"]
[Date "2020.10.13"]
[Round "5.2"]
[White "Brondt, Nicolai Kvist"]
[Black "Thybo, Jesper Sondergaard"]
[Result "1-0"]
[WhiteElo "2226"]
[BlackElo "2573"]
[Annotator "RC"]
[PlyCount "85"]
[EventDate "2020.10.09"]
[EventType "tourn"]
[EventCountry "DEN"]
[SourceTitle "playchess.com"]
[Source "ChessBase"]
[SourceQuality "1"]
[TimeControl "40/5400+30:1800+30"]

1. d4 {[%emt 0:00:00]} g6 {[%emt 0:00:00]} 2. c4 {[%emt 0:00:00]} Bg7 {[%emt 0:00:00]} 3. Nf3 {[%emt 0:05:14]} d6 {[%emt 0:00:01]} 4. Nc3 {[%emt 0:00:57]} Nd7 {[%emt 0:00:10]} 5. e4 {[%emt 0:03:19]} e5 {[%emt 0:00:28]} 6. Be2 {[%emt 0:02:26]} Ne7 {[%emt 0:00:50]} 7. O-O {[%emt 0:03:24]} O-O {[%emt 0:00:07]} 8. Re1 {[%emt 0:02:16]} h6 {[%emt 0:03:14]} 9. Bf1 {[%emt 0:06:52]} f5 {[%emt 0:04:51]} 10. dxe5 {[%emt 0:11:15]} dxe5 {[%emt 0:00:13]} 11. b3 {[%emt 0:12:00]} b6 {[%emt 0:14:27]} 12. Bb2 {[%emt 0:03:38]} Bb7 {[%emt 0:06:50]} 13. Qe2 {[%emt 0:07:58]} c5 {[%emt 0:07:12]} 14. Nd5 {[%emt 0:04:56]} Nc6 {[%emt 0:00:43]} 15. Rad1 {[%emt 0:01:35]} Rf7 {[%emt 0:05:12]} 16. Rd2 {[%emt 0:02:45]} Rc8 {[%emt 0:08:13]} 17. Red1 {[%emt 0:02:40]} Qe8 {[%emt 0:00:08]} 18. Nh4 {[%emt 0:02:19]} f4 {[%emt 0:23:27]} 19. Qg4 {[%emt 0:04:02]} Nd4 {[%emt 0:06:43]} 20. Qxg6 {[%emt 0:00:35]} Rc6 {[%emt 0:01:12]} 21. Qh5 {[%emt 0:02:02]} Nf6 {[%emt 0:01:43]} 22. Nxf6+ {[%emt 0:00:11]} Rcxf6 {[%emt 0:00:19]} 23. Bd3 {[%emt 0:01:27]} Qc6 {[%emt 0:03:01]} 24. Bxd4 {[%emt 0:02:09]} exd4 {[%emt 0:00:06]} 25. e5 {[%emt 0:01:18]} Re6 {[%emt 0:00:41]} 26. Re1 {[%emt 0:00:50]} Rfe7 {[%emt 0:01:02]} 27. Rde2 {[%emt 0:01:44]} Qe8 {[%emt 0:02:12]} 28. Qf5 {[%emt 0:03:50]} Bh8 {[%emt 0:01:40]} 29. Qg4+ {[%emt 0:02:12]} Rg7 {[%emt 0:02:24]} 30. Qxf4 {[%emt 0:01:05]} Qh5 {[%emt 0:00:35]} 31. Qf5 {[%emt 0:03:31]} Qe8 {[%emt 0:01:20]} 32. Qh3 {[%emt 0:03:34]} Ree7 {[%emt 0:04:20]} 33. f4 {[%emt 0:00:28]} Qh5 {[%emt 0:00:17]} 34. Be4 {[%emt 0:02:35]} Bxe4 {[%emt 0:00:38]} 35. Rxe4 {[%emt 0:00:31]} d3 {[%emt 0:00:01]} 36. Qxd3 {[%emt 0:01:46]} Qxh4 {[%emt 0:00:09]} 37. f5 {[%emt 0:00:25]} Qg5 {[%emt 0:00:13]} 38. Qf3 {[%emt 0:00:22]} Ref7 {[%emt 0:01:55]} 39. Rf4 {[%emt 0:00:42]} Kh7 {[%emt 0:02:09]} 40. e6 {[%emt 0:00:28]} Rf8 {[%emt 0:00:43]} 41. f6 {[%emt 0:11:15]} Rg6 {[%emt 0:09:36]} 42. e7 {[%emt 0:07:00]} Rfxf6 {[%emt 0:01:24]} 43. Rxf6 {[%emt 0:01:59]} 1-0